| 000 | 00000nam 2200000zi 4500 |
| 001 | 9.928289 |
| 003 | CaOODSP |
| 005 | 20241121131906 |
| 006 | m o d f |
| 007 | cr |n||||||||| |
| 008 | 231006e197601##bccab|| o f000 0|eng d |
| 040 | |aCaOODSP|beng|erda|cCaOODSP |
| 043 | |an-cn-bc|an-cn-yk |
| 086 | 1 |aCo22-613/1976E-PDF |
| 245 | 02|aA survey of communities in the Pacific region concerning the availability of telecommunications services. |
| 246 | 30|aCommunities in the Pacific region concerning the availability of telecommunications services |
| 264 | 1|a[Vancouver] : |b[Communications Canada, Pacific Region], |cJanuary 1976. |
| 300 | |a1 online resource (4 volumes) : |billustrations, maps |
| 336 | |atext|btxt|2rdacontent |
| 337 | |acomputer|bc|2rdamedia |
| 338 | |aonline resource|bcr|2rdacarrier |
| 500 | |aDigitized edition from print [produced by Innovation, Science and Economic Development Canada]. |
| 505 | 0 |aV.1. Lower Mainland & Vancouver Island. -- v. 2. South-Eastern British Columbia. -- v. 3. Central interior British Columbia. -- v. 4. Northern British Columbia and Yukon Territory. |
| 650 | 0|aTelecommunication|zBritish Columbia. |
| 650 | 0|aBroadcasting|zBritish Columbia. |
| 650 | 6|aTélécommunications|zColombie-Britannique. |
| 650 | 6|aRadiodiffusion|zColombie-Britannique. |
| 651 | 0|aBritish Columbia |xCommunication systems. |
| 651 | 0|aYukon |xCommunication systems. |
| 710 | 1 |aCanada. |bDepartment of Communications, |eissuing body. |
| 856 | 40|qPDF|s14187 KB|uhttps://publications.gc.ca/collections/collection_2024/isde-ised/Co22-613-1976-1-eng.pdf|zBook I. Lower mainland & Vancouver Island |
| 856 | 40|qPDF|s10962 KB|uhttps://publications.gc.ca/collections/collection_2024/isde-ised/Co22-613-1976-2-eng.pdf|zBook II. South-eastern British Columbia |
| 856 | 40|qPDF|s10878 KB|uhttps://publications.gc.ca/collections/collection_2024/isde-ised/Co22-613-1976-3-eng.pdf|zBook III. Central interior British Columbia |
| 856 | 40|qPDF|s15945 KB|uhttps://publications.gc.ca/collections/collection_2024/isde-ised/Co22-613-1976-4-eng.pdf|zBook IV. Northern British Columbia and Yukon Territory |